[Event "CZE-ch U16"]
[Site "Kouty nad Desnou"]
[Date "2024.03.16"]
[Round "9"]
[White "Andrle, Filip"]
[Black "Setina, Vaclav"]
[Result "1/2-1/2"]
[WhiteElo "1943"]
[BlackElo "2024"]
[PlyCount "96"]
[EventDate "2024.03.09"]
[EventType "swiss"]
[EventRounds "9"]
[EventCountry "CZE"]
[SourceTitle "CB12_2024"]
[SourceDate "2023.10.01"]
[SourceVersion "1"]
[SourceVersionDate "2023.10.01"]
[SourceQuality "1"]

1. e4 c6 2. Nc3 d5 3. Nf3 Bg4 4. h3 Bh5 5. d4 e6 6. Be2 Bb4 7. e5 Nd7 8. 0-0 Ne7 9. a3 Bxc3 10. bxc3 b5 11. a4 Bxf3 12. Bxf3 Nb6 13. axb5 cxb5 14. Be2 Qd7 15. f4 g6 16. g4 Nc4 17. Bd3 h5 18. Qf3 hxg4 19. hxg4 Rc8 20. Rf2 Rc6 21. Rh2 Rxh2 22. Kxh2 a6 23. Qh3 Kd8 24. Ba3 Nxa3 25. Rxa3 Rb6 26. Qh7 Qe8 27. Kg3 Kc7 28. Kf2 Kb7 29. Ke3 Ka7 30. Kd2 Qg8 31. Qh1 Qc8 32. Qh7 Qg8 33. Qh1 Qf8 34. Qh7 Rb7 35. Ra1 Qg8 36. Qh1 Rb8 37. Qh3 g5 38. f5 exf5 39. gxf5 Qh8 40. Qg2 Qh4 41. f6 Qf4+ 42. Ke2 Nf5 43. Bxf5 Qxf5 44. Kd2 Qf4+ 45. Kd3 Qf5+ 46. Kd2 Qf4+ 47. Kd3 Qf5+ 48. Kd2 Qf4+ 1/2-1/2

[Event "CZE-ch U16"]
[Site "Kouty nad Desnou"]
[Date "2024.03.13"]
[Round "6"]
[White "Setina, Vaclav"]
[Black "Hozda, Max"]
[Result "1/2-1/2"]
[WhiteElo "2024"]
[BlackElo "2032"]
[PlyCount "76"]
[EventDate "2024.03.09"]
[EventType "swiss"]
[EventRounds "9"]
[EventCountry "CZE"]
[SourceTitle "CB12_2024"]
[SourceDate "2023.10.01"]
[SourceVersion "1"]
[SourceVersionDate "2023.10.01"]
[SourceQuality "1"]

1. d4 Nf6 2. c4 c5 3. e3 g6 4. Nf3 Bg7 5. Be2 0-0 6. 0-0 cxd4 7. exd4 d5 8. b3 Nc6 9. Bb2 b6 10. Nc3 Bb7 11. Qd2 Ne4 12. Qe3 Nxc3 13. Bxc3 e6 14. Rfd1 Rc8 15. Rac1 Re8 16. Ne5 Nxe5 17. dxe5 Qe7 18. cxd5 Bxd5 19. f4 Bf8 20. Ba6 Rc7 21. Bd4 Rxc1 22. Qxc1 Qa3 23. Qxa3 Bxa3 24. g3 Re7 25. Kf2 Rc7 26. Bd3 h5 27. Ke2 Kf8 28. Rd2 Ke7 29. Rc2 Rxc2+ 30. Bxc2 Kd7 31. Bd3 Kc6 32. Kd2 a5 33. Kc2 Bc5 34. Kc3 b5 35. Bc2 Ba3 36. Kd3 Bc5 37. Ke3 Ba3 38. Bd1 Bc5 1/2-1/2

[Event "CZE-ch U16"]
[Site "Kouty nad Desnou"]
[Date "2024.03.12"]
[Round "5"]
[White "Setina, Vaclav"]
[Black "Prazak, Daniel"]
[Result "0-1"]
[WhiteElo "2024"]
[BlackElo "2223"]
[PlyCount "82"]
[EventDate "2024.03.09"]
[EventType "swiss"]
[EventRounds "9"]
[EventCountry "CZE"]
[SourceTitle "CB12_2024"]
[SourceDate "2023.10.01"]
[SourceVersion "1"]
[SourceVersionDate "2023.10.01"]
[SourceQuality "1"]

1. d4 Nf6 2. c4 c6 3. Nc3 d5 4. Nf3 e6 5. e3 Nbd7 6. Qc2 Bd6 7. b3 0-0 8. Bb2 b6 9. Be2 Bb7 10. 0-0 Qe7 11. Rad1 Rac8 12. Rfe1 Bb4 13. a3 Bd6 14. e4 dxe4 15. Nxe4 Nxe4 16. Qxe4 Nf6 17. Qc2 Rfd8 18. Ne5 Bxa3 19. Bxa3 Qxa3 20. c5 Qb4 21. Qc4 Qxc4 22. Nxc4 Ba6 23. cxb6 Bxc4 24. b7 Rb8 25. bxc4 Rxb7 26. Bf3 Rb4 27. Ra1 Rxc4 28. Rxa7 g6 29. Rc7 Nd5 30. Bxd5 Rxd5 31. g3 Rdxd4 32. Ra1 Rd5 33. Ra8+ Kg7 34. Ra6 Rdc5 35. Raa7 Rf5 36. Ra6 Rc1+ 37. Kg2 Rc2 38. Raxc6 Rfxf2+ 39. Kg1 Rg2+ 40. Kf1 Rxc6 41. Rxc6 Rxh2 0-1

[Event "CZE-ch U16"]
[Site "Kouty nad Desnou"]
[Date "2024.03.11"]
[Round "3"]
[White "Fizer, Marek"]
[Black "Setina, Vaclav"]
[Result "1-0"]
[WhiteElo "2058"]
[BlackElo "2024"]
[PlyCount "85"]
[EventDate "2024.03.09"]
[EventType "swiss"]
[EventRounds "9"]
[EventCountry "CZE"]
[SourceTitle "CB12_2024"]
[SourceDate "2023.10.01"]
[SourceVersion "1"]
[SourceVersionDate "2023.10.01"]
[SourceQuality "1"]

1. e4 c6 2. d4 d5 3. exd5 cxd5 4. Bd3 Nc6 5. c3 Qc7 6. h3 g6 7. Nf3 Nh6 8. 0-0 Bf5 9. Be2 Bg7 10. Be3 Bxb1 11. Rxb1 Nf5 12. Bc1 0-0 13. Re1 Rab8 14. a4 a6 15. Bd3 b5 16. axb5 axb5 17. b4 e6 18. g4 Nd6 19. Bf4 Ne7 20. Qe2 Nec8 21. Rb3 Rb6 22. h4 Rc6 23. Rc1 Qb7 24. h5 Nc4 25. Kg2 Ne7 26. Rh1 f6 27. hxg6 Nxg6 28. Bg3 e5 29. Bf5 Nd6 30. Be6+ Nf7 31. Bxd5 Qd7 32. Qxb5 Rd6 33. Qxd7 Rxd7 34. Be6 Rc7 35. dxe5 fxe5 36. Ng5 Ngh8 37. Bd5 Rd8 38. Ne6 Rxd5 39. Nxc7 Rd3 40. b5 Nd6 41. b6 Nb7 42. Ne6 Nf7 43. Ra1 1-0

[Event "Brno op 12th"]
[Site "Brno"]
[Date "2023.11.14"]
[Round "5"]
[White "Sliwerski, Radoslaw"]
[Black "Setina, Vaclav"]
[Result "1/2-1/2"]
[WhiteElo "2017"]
[BlackElo "1908"]
[PlyCount "37"]
[EventDate "2023.11.11"]
[EventType "swiss"]
[EventRounds "9"]
[EventCountry "CZE"]
[SourceTitle "CB47_2023"]
[SourceDate "2023.11.22"]
[SourceVersion "1"]
[SourceVersionDate "2023.11.22"]
[SourceQuality "1"]

1. d4 d5 2. c4 c6 3. cxd5 cxd5 4. Bf4 Bf5 5. e3 Nc6 6. Nc3 e6 7. Qb3 Qd7 8. Nf3 Rc8 9. Bb5 Bd6 10. Ne5 Bxe5 11. Bxe5 Nf6 12. Qa3 a6 13. Be2 Nxe5 14. dxe5 Ne4 15. Nxe4 Bxe4 16. 0-0 Qe7 17. Qa4+ Qd7 18. Qa3 Qe7 19. Qa4+ 1/2-1/2

[Event "Pardubice rapid op 34th"]
[Site "Pardubice"]
[Date "2023.07.20"]
[Round "6"]
[White "Kamenskyi, Dmytro"]
[Black "Setina, Vaclav"]
[Result "1-0"]
[WhiteElo "2030"]
[BlackElo "1997"]
[PlyCount "101"]
[EventDate "2023.07.19"]
[EventType "swiss (rapid)"]
[EventRounds "9"]
[EventCountry "CZE"]
[SourceTitle "CBM 215 Extra"]
[Source "ChessBase"]
[SourceDate "2023.09.30"]
[SourceVersion "1"]
[SourceVersionDate "2023.09.30"]
[SourceQuality "1"]

1. Nf3 c5 2. e4 Nc6 3. d4 cxd4 4. Nxd4 g6 5. Nc3 Bg7 6. Be3 Nf6 7. Nxc6 bxc6 8. e5 Ng8 9. Bd4 Nh6 10. e6 Bxd4 11. Qxd4 0-0 12. exd7 Qxd7 13. Qxd7 Bxd7 14. Bc4 Bf5 15. 0-0-0 Ng4 16. Rd2 Ne5 17. Bb3 Rfd8 18. Rxd8+ Rxd8 19. Re1 Ng4 20. f3 Nh6 21. Rxe7 Bd7 22. g4 Kf8 23. Re1 f5 24. g5 Nf7 25. Bxf7 Kxf7 26. Na4 f4 27. Re4 Bf5 28. Rxf4 Re8 29. Nc3 Re1+ 30. Kd2 Rh1 31. Rh4 Kg8 32. Ne2 c5 33. Ng3 Rg1 34. Nxf5 gxf5 35. Rf4 Rxg5 36. h4 Rh5 37. Kd3 Kf7 38. Kc4 Ke6 39. Kxc5 Ke5 40. Ra4 f4 41. Rxa7 Rxh4 42. b4 Rh2 43. c4 h5 44. b5 h4 45. b6 h3 46. Rh7 Rxa2 47. Rxh3 Ra5+ 48. Kc6 Kd4 49. b7 Ra6+ 50. Kc7 Ra7 51. Kc8 1-0

[Event "Pardubice rapid op 34th"]
[Site "Pardubice"]
[Date "2023.07.19"]
[Round "2"]
[White "Setina, Vaclav"]
[Black "Soural, Jan"]
[Result "1/2-1/2"]
[WhiteElo "1997"]
[BlackElo "2176"]
[PlyCount "109"]
[EventDate "2023.07.19"]
[EventType "swiss (rapid)"]
[EventRounds "9"]
[EventCountry "CZE"]
[SourceTitle "CBM 215 Extra"]
[Source "ChessBase"]
[SourceDate "2023.09.30"]
[SourceVersion "1"]
[SourceVersionDate "2023.09.30"]
[SourceQuality "1"]

1. e4 c5 2. c3 Nf6 3. e5 Nd5 4. d4 cxd4 5. cxd4 d6 6. Nf3 e6 7. Nc3 Nxc3 8. bxc3 Qc7 9. c4 dxe5 10. Nxe5 Bb4+ 11. Bd2 Qa5 12. Bd3 Nd7 13. Rb1 Bxd2+ 14. Qxd2 Qc7 15. 0-0 Nxe5 16. dxe5 Qxe5 17. Qb4 Qc7 18. Be4 Qe7 19. Bxb7 Bxb7 20. Qxb7 Qxb7 21. Rxb7 0-0 22. g3 Rfb8 23. Rfb1 Rxb7 24. Rxb7 g5 25. Rc7 Kg7 26. Kg2 g4 27. c5 Kf6 28. c6 e5 29. Rb7 Rc8 30. c7 a5 31. Ra7 Ke6 32. Ra6+ Kd7 33. Rxa5 Rxc7 34. Rxe5 Rc2 35. Rg5 Rc4 36. Rg7 Ke6 37. Rxh7 Ra4 38. Rg7 f5 39. Rg6+ Ke5 40. Rb6 Rxa2 41. Rb5+ Kf6 42. Rb4 Kg5 43. Rf4 Ra1 44. h4+ gxh3+ 45. Kxh3 Ra3 46. Rb4 Ra6 47. Rb5 Kg6 48. Rd5 Rb6 49. Ra5 Rc6 50. Ra4 Rb6 51. Kg2 Kg5 52. Ra3 Rc6 53. Ra8 Rb6 54. Rg8+ Kf6 55. Rh8 1/2-1/2

[Event "South Moravia Region-chT 2223"]
[Site "Czech Republic"]
[Date "2023.01.15"]
[Round "6.2"]
[White "Marsa, Alexandr"]
[Black "Setina, Vaclav"]
[Result "0-1"]
[WhiteElo "1875"]
[BlackElo "1873"]
[PlyCount "24"]
[EventDate "2022.10.09"]
[EventType "team-tourn"]
[EventRounds "11"]
[EventCountry "CZE"]
[SourceTitle "EXT 2024"]
[Source "ChessBase"]
[SourceDate "2023.10.10"]
[SourceVersion "1"]
[SourceVersionDate "2023.10.10"]
[SourceQuality "1"]

1. d4 d5 2. c4 c6 3. Nc3 Nf6 4. e3 e6 5. Nf3 Nbd7 6. Bd3 dxc4 7. Bxc4 b5 8. Be2 a6 9. e4 b4 10. e5 bxc3 11. exf6 Bb4 12. fxg7 c2+ 0-1

[Event "South Moravia Region-chT 2223"]
[Site "Czech Republic"]
[Date "2022.11.13"]
[Round "3.2"]
[White "Setina, Vaclav"]
[Black "Uricar, Jakub"]
[Result "1/2-1/2"]
[WhiteElo "1945"]
[BlackElo "2167"]
[PlyCount "86"]
[EventDate "2022.10.09"]
[EventType "team-tourn"]
[EventRounds "11"]
[EventCountry "CZE"]
[SourceTitle "EXT 2024"]
[Source "ChessBase"]
[SourceDate "2023.10.10"]
[SourceVersion "1"]
[SourceVersionDate "2023.10.10"]
[SourceQuality "1"]

1. e4 c5 2. c3 e6 3. d4 d5 4. exd5 Qxd5 5. Nf3 Nc6 6. Be3 cxd4 7. cxd4 Nf6 8. Nc3 Qa5 9. a3 Nd5 10. Bd2 Qb6 11. Nxd5 exd5 12. Bd3 Be7 13. 0-0 Bg4 14. Bc3 0-0 15. Bb1 Bh5 16. Ba2 Rad8 17. Qd3 Bf6 18. Rfd1 Rfe8 19. a4 Bxf3 20. Qxf3 Nxd4 21. Bxd4 Bxd4 22. Bxd5 Bf6 23. g3 Re7 24. Rd2 Rde8 25. Kg2 a5 26. Rad1 g6 27. b3 Kg7 28. Bc4 Qc7 29. Bb5 Rb8 30. Rd6 Qc3 31. R1d3 Qb2 32. Rd7 Rxd7 33. Rxd7 b6 34. Bc4 Rf8 35. Qd5 Qe5 36. Rxf7+ Rxf7 37. Qxf7+ Kh6 38. h4 Qe4+ 39. Kg1 Qe1+ 40. Kg2 Qe4+ 41. Kh2 Qe7 42. Qg8 Bxh4 43. gxh4 Qxh4+ 1/2-1/2

[Event "Stare Mesto op"]
[Site "Stare Mesto"]
[Date "2022.08.15"]
[Round "4"]
[White "Knotek, Josef"]
[Black "Setina, Vaclav"]
[Result "1/2-1/2"]
[WhiteElo "1945"]
[BlackElo "1760"]
[PlyCount "87"]
[EventDate "2022.08.12"]
[EventType "swiss"]
[EventRounds "9"]
[EventCountry "CZE"]
[SourceTitle "CBM 209 Extra"]
[Source "ChessBase"]
[SourceDate "2022.09.30"]
[SourceVersion "1"]
[SourceVersionDate "2022.09.30"]
[SourceQuality "1"]

1. d4 d5 2. Nf3 Nf6 3. c4 e6 4. Nc3 Be7 5. Bg5 0-0 6. e3 Nbd7 7. Rc1 a6 8. cxd5 Nxd5 9. Bxe7 Qxe7 10. Nxd5 exd5 11. Rxc7 Qd6 12. Rc1 Nf6 13. Bd3 Bg4 14. h3 Bh5 15. Qd2 Bxf3 16. gxf3 Qe6 17. h4 Nh5 18. Kf1 Kh8 19. Rc5 b6 20. Rc3 f5 21. Qc2 f4 22. Rc6 Qf7 23. e4 dxe4 24. Bxe4 Nf6 25. Rc7 Qxa2 26. Bxa8 Rxa8 27. Rc8+ Rxc8 28. Qxc8+ Ng8 29. Qc3 Qb1+ 30. Kg2 Qg6+ 31. Kh2 Qh5 32. Re1 Qxh4+ 33. Kg2 Qg5+ 34. Kf1 Qb5+ 35. Re2 h5 36. Ke1 Nf6 37. Re5 Qa4 38. Qc8+ Kh7 39. Qf5+ Kg8 40. Qe6+ Kh7 41. Qxb6 h4 42. Kf1 Qd1+ 43. Re1 Qxf3 44. Qe6 1/2-1/2

[Event "Brno Trade op"]
[Site "Brno"]
[Date "2021.09.01"]
[Round "5"]
[White "Setina, Vaclav"]
[Black "Marsa, Alexandr"]
[Result "1-0"]
[WhiteElo "1607"]
[BlackElo "1863"]
[PlyCount "83"]
[EventDate "2021.08.29"]
[EventType "swiss"]
[EventRounds "9"]
[EventCountry "CZE"]
[SourceTitle "CBM 204 Extra"]
[Source "ChessBase"]
[SourceDate "2021.11.30"]
[SourceVersion "1"]
[SourceVersionDate "2021.11.30"]
[SourceQuality "1"]

1. e4 e6 2. d4 d5 3. exd5 exd5 4. Bd3 Nc6 5. c3 Qh4 6. Nf3 Qe7+ 7. Qe2 Qxe2+ 8. Kxe2 Bg4 9. Bf4 0-0-0 10. Nbd2 Bd6 11. Bxd6 Rxd6 12. Rhe1 Nf6 13. Kf1 Nd7 14. a4 a5 15. Re3 h6 16. Nb3 Kd8 17. Rae1 b6 18. h3 Bxf3 19. Rxf3 Nf6 20. Rfe3 Re8 21. Nd2 Rxe3 22. fxe3 Re6 23. e4 Nxe4 24. Nxe4 dxe4 25. Bxe4 Ne7 26. Bf3 Rxe1+ 27. Kxe1 Kd7 28. Kd2 Kd6 29. Kd3 f5 30. b4 g5 31. Kc4 c6 32. b5 cxb5+ 33. Kxb5 Kc7 34. c4 Nc6 35. c5 bxc5 36. dxc5 Ne5 37. Bh5 Nd3 38. Bg6 Nf4 39. Bxf5 Nxg2 40. Kxa5 h5 41. Kb5 Ne3 42. Be4 1-0

[Event "Brno Trade op"]
[Site "Brno"]
[Date "2021.08.30"]
[Round "3"]
[White "Setina, Vaclav"]
[Black "Sipek, Michal"]
[Result "1-0"]
[WhiteElo "1607"]
[BlackElo "2021"]
[PlyCount "86"]
[EventDate "2021.08.29"]
[EventType "swiss"]
[EventRounds "9"]
[EventCountry "CZE"]
[SourceTitle "CBM 204 Extra"]
[Source "ChessBase"]
[SourceDate "2021.11.30"]
[SourceVersion "1"]
[SourceVersionDate "2021.11.30"]
[SourceQuality "1"]

1. e4 d6 2. d4 g6 3. Nf3 Nf6 4. Nc3 Bg7 5. Bc4 0-0 6. 0-0 Nxe4 7. Nxe4 d5 8. Bd3 dxe4 9. Bxe4 c6 10. c3 Be6 11. Bf4 Nd7 12. Qe2 Bd5 13. Bc2 Bxf3 14. Qxf3 Nf6 15. Rfe1 Re8 16. Be5 Qd5 17. Qe2 Rad8 18. Bb3 Qd7 19. Rad1 Qg4 20. Qxg4 Nxg4 21. Bxg7 Kxg7 22. d5 cxd5 23. Ba4 e6 24. Bxe8 Rxe8 25. Rxd5 Nf6 26. Rc5 Re7 27. c4 Rd7 28. h3 Rd2 29. Rc7 Rd7 30. Rxd7 Nxd7 31. Rd1 Nb6 32. b3 Kf6 33. f3 Ke7 34. Kf2 Nd7 35. Ke3 Ne5 36. Kd4 Nc6+ 37. Kc3 h6 38. b4 g5 39. a4 Ne5 40. a5 h5 41. b5 g4 42. fxg4 hxg4 43. Re1 f6 1-0

[Event "CZE-ch U12"]
[Site "Kouty nad Desnou"]
[Date "2020.03.12"]
[Round "7"]
[White "Matus, Jakub"]
[Black "Setina, Vaclav"]
[Result "0-1"]
[WhiteElo "1240"]
[BlackElo "1507"]
[PlyCount "84"]
[EventDate "2020.03.07"]
[EventType "swiss"]
[EventRounds "7"]
[EventCountry "CZE"]
[SourceTitle "CBM 195 Extra"]
[Source "ChessBase"]
[SourceDate "2020.05.31"]
[SourceVersion "1"]
[SourceVersionDate "2020.05.31"]
[SourceQuality "1"]

1. e4 c5 2. Nf3 Nc6 3. d4 cxd4 4. Nxd4 Nf6 5. Nc3 g6 6. Be3 Bg7 7. Be2 0-0 8. 0-0 d5 9. exd5 Nxd5 10. Nxc6 bxc6 11. Nxd5 cxd5 12. c3 e5 13. Qc2 Qc7 14. Rac1 Bb7 15. Rfd1 Rfd8 16. Qa4 Bc6 17. Qh4 Rab8 18. Rd2 Ba8 19. Bf3 f5 20. Qa4 Rd7 21. Rdc2 f4 22. Bd2 Bc6 23. Qa3 Bb5 24. b3 Bf8 25. b4 Rb6 26. Re1 Bc4 27. Qc1 Ra6 28. Be2 Bg7 29. a3 Bxe2 30. Rxe2 Qc4 31. Be1 g5 32. Ra2 d4 33. Rec2 d3 34. Rcb2 e4 35. a4 Rc7 36. Ra3 Bf8 37. Qd2 Re6 38. Qd1 e3 39. fxe3 fxe3 40. Bg3 Rf7 41. Rb1 d2 42. h3 Qd3 0-1

[Event "EU-ch U10"]
[Site "Bratislava"]
[Date "2019.08.08"]
[Round "7"]
[White "Setina, Vaclav"]
[Black "Sazonov, Fedor"]
[Result "1-0"]
[WhiteElo "1415"]
[BlackElo "1280"]
[PlyCount "71"]
[EventDate "2019.08.02"]
[EventType "swiss"]
[EventRounds "9"]
[EventCountry "SVK"]
[SourceTitle "EXT 2020"]
[Source "ChessBase"]
[SourceDate "2019.10.17"]
[SourceVersion "1"]
[SourceVersionDate "2019.10.17"]
[SourceQuality "1"]

1. e4 c5 2. c3 d6 3. d4 Nf6 4. dxc5 Nc6 5. Bd3 dxc5 6. Be3 Ne5 7. Bb5+ Bd7 8. Bxd7+ Qxd7 9. Qxd7+ Kxd7 10. Nd2 Nfg4 11. Ngf3 Nd3+ 12. Ke2 Nxe3 13. Kxe3 Nxb2 14. Ne5+ Ke6 15. f4 f6 16. Rab1 Na4 17. f5+ Kd6 18. Nf7+ Kd7 19. Nxh8 Ke8 20. e5 Nxc3 21. Rxb7 fxe5 22. Nc4 Nxa2 23. Rhb1 Nb4 24. Nxe5 a5 25. Nhf7 h6 26. Kf3 e6 27. fxe6 a4 28. Nd7 a3 29. Nxf8 Kxf8 30. Nd6 a2 31. Re1 Nc6 32. e7+ Nxe7 33. Rbxe7 Ra3+ 34. Kf2 Ra8 35. Re8+ Rxe8 36. Rxe8# 1-0

[Event "EU-ch U10"]
[Site "Bratislava"]
[Date "2019.08.04"]
[Round "3"]
[White "Setina, Vaclav"]
[Black "Batozhargalov, Erdem"]
[Result "0-1"]
[WhiteElo "1415"]
[BlackElo "1080"]
[PlyCount "140"]
[EventDate "2019.08.02"]
[EventType "swiss"]
[EventRounds "9"]
[EventCountry "SVK"]
[SourceTitle "EXT 2020"]
[Source "ChessBase"]
[SourceDate "2019.10.17"]
[SourceVersion "1"]
[SourceVersionDate "2019.10.17"]
[SourceQuality "1"]

1. e4 e5 2. Nf3 Nc6 3. d4 exd4 4. Nxd4 Qh4 5. Nb5 Qxe4+ 6. Be3 Qe5 7. Bd3 a6 8. N5c3 Bb4 9. 0-0 Nge7 10. Re1 0-0 11. a3 Bc5 12. Bc1 Qf6 13. Ne4 Qf5 14. Nxc5 Qxc5 15. Be3 Qa5 16. Nd2 d5 17. b4 Qa4 18. Nb3 b6 19. Bc5 Be6 20. f4 Rfe8 21. f5 Nxf5 22. Bf2 Nce7 23. Nd4 Nxd4 24. Bxd4 Nf5 25. Bb2 c5 26. bxc5 bxc5 27. Bxf5 Bxf5 28. Qxd5 Qxc2 29. Rf1 Qxb2 30. Qxf5 Qd4+ 31. Kh1 Rf8 32. Rad1 Qc3 33. Rd3 Qc4 34. Rh3 g6 35. Qf3 Qd4 36. Rh6 Qg7 37. Rh4 Rad8 38. h3 Rd4 39. Rxd4 Qxd4 40. Qf2 Qxf2 41. Rxf2 Rc8 42. Kg1 f5 43. Rd2 Rc7 44. Kf2 Kf7 45. Rd6 c4 46. Ke2 c3 47. Kd1 c2+ 48. Kc1 Rc3 49. a4 Rg3 50. Rd2 Ra3 51. Rd4 Ra1+ 52. Kxc2 Ra2+ 53. Kd1 Rxg2 54. h4 Rg4 55. Rd7+ Kg8 56. h5 Rxa4 57. hxg6 hxg6 58. Ke2 g5 59. Kf3 g4+ 60. Kg3 Ra3+ 61. Kh2 Rh3+ 62. Kg2 f4 63. Rd5 f3+ 64. Kf2 Rh2+ 65. Kf1 Rg2 66. Ra5 Kf7 67. Rxa6 g3 68. Ra4 Rf2+ 69. Kg1 Ke6 70. Ra1 Kf5 0-1